Miracle of positive thinking.Wake up! you are alive. (Record no. 25332)
[ view plain ]
| 000 -LEADER | |
|---|---|
| fixed length control field | 00372nam a2200157Ia 4500 |
| 082 ## - DEWEY DECIMAL CLASSIFICATION NUMBER | |
| Item number | PEA |
| 100 ## - MAIN ENTRY--PERSONAL NAME | |
| Personal name | Peale/Norman Vincent |
| 245 ## - TITLE STATEMENT | |
| Title | Miracle of positive thinking.Wake up! you are alive. |
| 260 ## - PUBLICATION, DISTRIBUTION, ETC. | |
| Name of publisher, distributor, etc. | Jaico Publishing House |
| Date of publication, distribution, etc. | 2015 |
| 366 ## - TRADE AVAILABILITY INFORMATION | |
| Publishers's discount category | 28 |
| 300 ## - PHYSICAL DESCRIPTION | |
| Extent | 186 |
| 546 ## - LANGUAGE NOTE | |
| Language note | ENGLISH |
| -- | Computers |
| 654 ## - SUBJECT ADDED ENTRY--FACETED TOPICAL TERMS | |
| Focus term | positive thinking |
| 942 ## - ADDED ENTRY ELEMENTS (KOHA) | |
| Koha item type | BOOK |
| Withdrawn status | Lost status | Damaged status | Not for loan | Collection | Home library | Current library | Date acquired | Source of acquisition | Cost, normal purchase price | Inventory number | Total Checkouts | Full call number | Barcode | Date last seen | Cost, replacement price | Price effective from | Koha item type |
|---|---|---|---|---|---|---|---|---|---|---|---|---|---|---|---|---|---|
| CRC | Fr. Agnel's C.Rodrigues College of Engineering | Fr. Agnel's C.Rodrigues College of Engineering | 17/03/2023 | Allied Publisher | 180.00 | 1229 dt 22.12.2015 | PEA | 23978 | 17/03/2023 | 250.00 | BOOK |